| 000 | 00404nam a2200169Ia 4500 | ||
|---|---|---|---|
| 008 | 230524s9999 xx 000 0 und d | ||
| 020 | _a8122402267 | ||
| 082 |
_a621.389 _bKOL |
||
| 100 | _aAlois Koller | ||
| 245 | 4 | _aThe Electric Circuit Pi 10 | |
| 250 | _a1ST | ||
| 260 |
_aNEW DELHI _bWiley Eastern _c1989 |
||
| 300 | _a60 | ||
| 500 | _aQuantity Number: 2 | ||
| 650 | _aElectrical | ||
| 942 | _cBK | ||
| 999 |
_c25606 _d25606 |
||